Skip to content
Your Account
Log Out
Login
Language
English
Deutsch
Español
Français
Italiano
日本語
Nederlands
Português
Português (Brasil)
中文(简体)
中文(繁體)
Türkçe
עברית
Gaeilge
Cymraeg
Ελληνικά
Català
Euskara
Русский
Čeština
Suomi
Svenska
polski
Dansk
slovenščina
اللغة العربية
বাংলা
Galego
Tiếng Việt
Hrvatski
हिंदी
All Fields
Title
Author
Subject
Call Number
ISBN/ISSN
Tag
Find
Advanced
Search
About science
Staff View
Cite this
Email this
Print
Export Record
Export to RefWorks
Export to EndNoteWeb
Export to EndNote
Export to MARC
Export to MARCXML
Export to RDF
Export to BibTeX
Export to RIS
Save to List
About science
Saved in:
Bibliographic Details
Main Author:
Barnes, Barry
Format:
Book
Language:
Undetermined
Published:
New York
Basil Blackwell
1985
Subjects:
Science
Tags:
Add Tag
No Tags, Be the first to tag this record!
Institutions:
Trung tâm Học liệu Trường Đại học Cần Thơ
Holdings
Description
Comments
Similar Items
Staff View
LEADER
00416nam a2200169Ia 4500
001
CTU_78567
008
210402s9999 xx 000 0 und d
082
|a
508
082
|b
B261
100
|a
Barnes, Barry
245
0
|a
About science
245
0
|c
Barry Barnes
260
|a
New York
260
|b
Basil Blackwell
260
|c
1985
650
|a
Science
980
|a
Trung tâm Học liệu Trường Đại học Cần Thơ
Similar Items
T.S. Kuhn and social science
by: Barnes, Barry
Published: (1982)
Teaching and learning about science and society
by: John Michael Ziman
Published: (1980)
A short guide to writing about social science /
by: Cuba, Lee J.
Published: (1997)
Science Investigation: Student Views about Learning, Motivation and Assessment
by: Moeed, Azra
Published: (2016)
Science in context
by: Barnes, Barry
Published: (1982)
Loading...